Il tipo contrattuale.
Guardat en:
| Autor principal: | |
|---|---|
| Format: | Llibre |
| Publicat: |
Padova, Italia:
CEDAM,
1974.
|
| Col·lecció: | Pubblicazioni della Università di Pavia. Studi Nelle Scienze Giuridiche e Sociali
|
| Matèries: | |
| Etiquetes: |
Afegir etiqueta
Sense etiquetes, Sigues el primer a etiquetar aquest registre!
|
MARC
| LEADER | 00000nam a22000007a 4500 | ||
|---|---|---|---|
| 003 | CL-VaPUC | ||
| 005 | 20220822114849.0 | ||
| 008 | 220809t1974 ||||| |||| 00| 0 eng d | ||
| 999 | |c 438202 |d 438200 | ||
| 040 | |c Pontificia Universidad Católica de Valparaíso | ||
| 082 | 7 | |a 346.4502 DEN 1974 |2 22 | |
| 100 | 1 | |a De Nova, Giorgio |e autore |9 875248 | |
| 245 | |a Il tipo contrattuale. | ||
| 260 | |a Padova, Italia: |b CEDAM, |c 1974. | ||
| 300 | |a 231 páginas. | ||
| 490 | |a Pubblicazioni della Università di Pavia. Studi Nelle Scienze Giuridiche e Sociali |n 11. | ||
| 500 | |a c.1 Donación Familia Prof. Alejandro Guzmán Brito. | ||
| 583 | |c 20220809 |k Catalogador Asistente | ||
| 650 | |a Contratos |9 255153 | ||
| 942 | |2 ddc |c BK |n 0 | ||
| 952 | |0 0 |1 0 |2 ddc |4 0 |6 346_450200000000000_DEN_1974 |7 1 |8 C_AGB |9 586082 |a BIBDER |b BIBDER |d 2022-08-09 |e Donación |i 5654043 |o 346.4502 DEN 1974 |p 5654043 |r 2023-01-25 |t 1 |w 2022-08-09 |y BK_US |k AGB | ||